| 000 | 00462nam a2200157Ia 4500 | ||
|---|---|---|---|
| 008 | 220216s9999 xx 000 0 und d | ||
| 100 | _aTriwiyoso U | ||
| 245 | 0 | _aPreservation of field latex to increase the production of latex shares in NES project | |
| 260 |
_bIndonesian Journal of Natural Rubber Research _c1995 |
||
| 300 | _a173-177 | ||
| 650 | _aHevea brasiliensis | ||
| 650 | _aLatex | ||
| 650 | _aPreservatives | ||
| 700 | _aHandoko B | ||
| 942 | _cJS | ||
| 999 |
_c65648 _d65648 |
||